000 00719nam a2200265Ia 4500
005 20260121170203.0
008 008 260114s9999 xx 000 0 eng d
020 _a9783319689500
037 _aEBOOK
040 _aCRL
040 _beng
040 _cCRL
041 _2eng
041 _aeng
084 _qCRL
100 _aOrit Hazzan, Einat Heyd-Metzuyanim, Anat Even-Zahav, Tali Tal, Yehudit Judy Dori
_91060857
245 0 _aApplication of Management Theories for STEM Education
260 _bSpringer
260 _bSpringer
260 _c2018
856 _uhttps://link.springer.com/openurl?genre=book&isbn=978-3-319-68950-0
942 _cEBOOK
999 _c1626586
_d1626586